Comedias religiosas I: La devoción de la Cruz; El mágico prodigioso

Uloženo v:
Podrobná bibliografie
Hlavní autor: Calderón de la Barca, Pedro
Médium: Kniha
Jazyk:Undetermined
Vydáno: Madrid, España Espasa Calpe 1930
Témata:
Tagy: Přidat tag
Žádné tagy, Buďte první, kdo vytvoří štítek k tomuto záznamu!

MARC

LEADER 00000nam a2200000Ia 4500
008 170316s9999 xx 000 0 und d
040 |a cru BVZT 
090 |a 862 C-3cr. v.1 
100 |a Calderón de la Barca, Pedro 
245 |a Comedias religiosas I: La devoción de la Cruz; El mágico prodigioso 
260 |a Madrid, España 
260 |b Espasa Calpe 
260 |c 1930 
300 |a 344 páginas 
650 |a LITERATURA ESPAÑOLA 
650 |a OBRAS DE TEATRO 
999 |c 9735  |d 9735 
942 |c 15 D  |h 862 C-3cr. v.1  |2 z